000 00678cam a22002053a 4500
001 45122
003 PGUSA
005 20140828084031.0
008 140313s2014||||xxu|||||s|||||000 | eng d
040 _aPGUSA
_beng
042 _adc
100 1 _aMüller, F. Max
_q(Friedrich Max),
_d1823-1900
245 1 0 _aThoughts on Life and Religion :
_bAn Aftermath from the Writings of The Right Honourable Professor Max Müller
_h[electronic resource] /
_cF. Max Müller
260 _bProject Gutenberg,
_c2014
506 _aPublic domain in the USA.
516 _aElectronic text
830 0 _aProject Gutenberg
_v45122
856 4 0 _uhttp://www.gutenberg.org/ebooks/45122
942 _cEB
999 _c274373
_d274373